Normal view
MARC view
- Shikoh,Sania Haider & Ahmad,Aymen
Entry Personal Name
001 - CONTROL NUMBER
- control field: 4876
003 - CONTROL NUMBER IDENTIFIER
- control field: NUST
005 - DATE AND TIME OF LATEST TRANSACTION
- control field: 20170922131312.0
008 - FIXED-LENGTH DATA ELEMENTS
- fixed length control field: 170922|| aca||aabn | a|a d
040 ## - CATALOGING SOURCE
- Original cataloging agency: NUST
- Transcribing agency: NUST
100 ## - HEADING--PERSONAL NAME
- Personal name: Shikoh,Sania Haider & Ahmad,Aymen
670 ## - SOURCE DATA FOUND
- Source citation: Work cat.: (NUST): Shikoh,Sania Haider & Ahmad,Aymen, Does decentralization increase government responsiveness to local needs? a case study of Balochistan , 2016
